000 00312nam a22001337a 4500
005 20160208115451.0
008 160208b xxu||||| |||| 00| 0 eng d
040 _cPK-LaUMT
082 _aAMC 956.94405
_bJUD-
245 _aThe judaization of jerusalem
260 _a[ ]
_b[ ]
_c[ ]
300 _a[ ]
942 _cBK
999 _c82650
_d82650